|
|
|
|
| LEADER |
00000nab a2200000 ar4500 |
| 001 |
vtls009004761 |
| 003 |
SK-MaSNL |
| 005 |
20260303065646.0 |
| 008 |
070703c2007 xo er|p|||||||000 b|slo |
| 015 |
|
|
|a SNBRB2007/07
|2 snkbucl
|
| 038 |
|
|
|a SNKBUCL
|
| 040 |
|
|
|a SNKBUCL
|b slo
|c SNKBUCL
|e AACR2
|
| 041 |
0 |
|
|a slo
|
| 044 |
|
|
|a xo
|c SK
|
| 080 |
|
|
|a 657-051
|2 2001
|
| 080 |
|
|
|a 929 Malách, Peter
|2 2001
|
| 100 |
1 |
|
|a Pokojná, Katarína
|4 aut
|9 426285
|
| 245 |
1 |
0 |
|a Najlepšou reklamou sú dobré referencie
|c Katarína Pokojná
|
| 600 |
1 |
7 |
|a Malách, Peter
|2 snkbucl
|9 1066018
|
| 650 |
0 |
7 |
|a účtovníci
|2 snkbucl
|9 28638
|
| 773 |
0 |
|
|t Profit
|g Č. 12 (2007), s. 46-47
|x 1335-4620
|
| 852 |
|
|
|a SNK
|b KIS3GCP
|
| 958 |
|
|
|a BX
|
| 999 |
|
|
|c 1752082
|d 1754012
|